Compromiso democrático : (Registro nro. 4814)

Detalles MARC
000 -LEADER
fixed length control field 01085nam a2200217Ia 4500
003 - CONTROL NUMBER IDENTIFIER
control field OSt
005 - DATE AND TIME OF LATEST TRANSACTION
control field 20201112111501.0
008 - FIXED-LENGTH DATA ELEMENTS--GENERAL INFORMATION
fixed length control field 191128s2000 ck a gr o000 0 spa d
020 ## - INTERNATIONAL STANDARD BOOK NUMBER
International Standard Book Number 958942743X
040 ## - CATALOGING SOURCE
Original cataloging agency CO-JMCR
Transcribing agency CO-JMCR
041 0# - LANGUAGE CODE
Language code of text/sound track or separate title spa
082 04 - DEWEY DECIMAL CLASSIFICATION NUMBER
Classification number 321.8 /
Item number O686c
Edition number 21
110 1# - MAIN ENTRY--CORPORATE NAME
Corporate name or jurisdiction name as entry element Colombia.
Subordinate unit Organización de los Estados Americanos
9 (RLIN) 2610
245 10 - TITLE STATEMENT
Title Compromiso democrático :
Remainder of title formación de jóvenes líderes en instituciones, valores y prácticas democráticas : curso regional andino /
Statement of responsibility, etc. Organización de Estados Americanos. Unidad para la Promoción de la Democracia
260 ## - PUBLICATION, DISTRIBUTION, ETC.
Place of publication, distribution, etc. Bogotá :
Name of publisher, distributor, etc. UPD/OEA,
Date of publication, distribution, etc. 2000
300 ## - PHYSICAL DESCRIPTION
Extent 555 páginas :
Other physical details ilustraciones a blanco y negro ;
Dimensions 24 cm.
505 0# - FORMATTED CONTENTS NOTE
Formatted contents note La realidad social de la región y sus desafíos -- Teoría de la democracia y desempeño de las instituciones democráticas -- Valores y prácticas democráticas -- Instrumentos para la gerencia política democrática -- Ensayos de los participantes en el curso
650 14 - SUBJECT ADDED ENTRY--TOPICAL TERM
Topical term or geographic name entry element Democracia
General subdivision enseñanza
9 (RLIN) 2611
650 14 - SUBJECT ADDED ENTRY--TOPICAL TERM
Topical term or geographic name entry element Educación cívica
9 (RLIN) 2612
942 ## - ADDED ENTRY ELEMENTS (KOHA)
Source of classification or shelving scheme Dewey Decimal Classification
Koha item type Books
Existencias
Withdrawn status Lost status Source of classification or shelving scheme Damaged status Not for loan Collection code Home library Current library Date acquired Source of acquisition Cost, normal purchase price Full call number Barcode Date last seen Copy number Koha item type
    Dewey Decimal Classification     Non-fiction Biblioteca Pública José María del Castillo y Rada Biblioteca Pública José María del Castillo y Rada 04/15/2018 Donación 0.00 321.8 / O686c 430000562 05/16/2024 Ej.1 Books